Unscramble the Song's Name: Bjork - Statistics

General Stats
  • This quiz has been taken 88 times
  • The average score is 10 of 15
Answer Stats
Scrambled Answer % Correct
meoc ot em Come To Me
92%
oooccn Cocoon
91%
troms Storm
90%
jenoy Enjoy
89%
toposa Atopos
78%
uwrladenst Wanderlust
77%
wloloh Hollow
76%
hsow em orgvfissene Show Me Forgiveness
73%
strofi Frosti
70%
houmt aarntm Mouth Mantra
62%
oatm cande Atom Dance
59%
eeiddsr oeoticalstnnl Desired Constellation
43%
arteh trersuidn Earth Intruders
41%
avuernl Unravel
34%
encinceon Innocence
27%
No matching quizzes found
Score Distribution
Percent of People with Each Score
Percentile by Number Answered
Your Score History
You have not taken this quiz